| 000 | 00508nam a2200169 a 4500 | ||
|---|---|---|---|
| 005 | 20140412111321.0 | ||
| 008 | 001220s19uu xx 00 eng d | ||
| 020 | _a0-7214-1574-1 | ||
| 050 |
_aER _bHa11 1993 |
||
| 100 | _aHunia, Fran | ||
| 245 |
_aHansel and Gretel / _cby Fran Hunia ; illustrated by Anna Dzierzek. |
||
| 260 |
_aLeicestershire, UK : _bLadybird Books Ltd, _c1993. |
||
| 300 | _a1 v. (unp.) ; ill. | ||
| 440 | _aRead It Yourself | ||
| 650 | _aChildren stories - Fiction | ||
| 999 |
_c104378 _d104378 |
||